| 000 | 01051nam0a22002771 4500 | ||
|---|---|---|---|
| 001 | rc\3916638 | ||
| 005 | 20250611022016.0 | ||
| 021 |
_aRU _b[49-37984] |
||
| 035 | _a(NLR Aleph) 008023187 | ||
| 090 |
_a8774034 _c8774034 |
||
| 100 | _a20130415d1949 |||y0rusy50 ca | ||
| 101 | 0 | _arus | |
| 102 | _aRU | ||
| 105 | _aa z |||a| | ||
| 200 | 1 |
_aБраслет II _e[Повесть _eДля сред. и ст. возраста] _fРис. И. Вальтер |
|
| 210 |
_aМосква _aЛенинград _cИзд-во и 2-я ф-ка дет. книги Детгиза в Л. _d1949 |
||
| 215 |
_a94 с. _cил. _d20 |
||
| 300 | _aПеред загл. авт.: Л. Брандт | ||
| 606 |
_aЛошади (д. л.) _2psbo |
||
| 700 | 1 |
_aБрандт _bЛ.В. _f1902-1949 _gЛев Владимирович |
|
| 702 | 1 |
_4440 _7ca _8rus _aВальтер _bИ. В. _f1903-1993 _gИрина Владимировна _9223821 _3RU\NLR\AUTH\770223877 |
|
| 801 | 0 |
_aRU _bNLR _gpsbo |
|
| 801 | 1 |
_aRU _bELAR _2rusmarc |
|
| 852 |
_aNLR _jДл02 Г-4/978 |
||
| 942 | _cBOOK | ||
| 980 | _aNB | ||